| Tag |
First Indicator |
Second Indicator |
Subfields |
| LEADER |
00000cam a2200000 a 4500 |
| 001 |
in00001358621 |
| 005 |
20151006071647.0 |
| 007 |
hd afu---baca |
| 008 |
860805s1857 enkac a 000 0 eng d |
| 035 |
|
|
|a (OCoLC)14045938
|
| 035 |
|
|
|9 AHH3747AM
|
| 040 |
|
|
|a POG
|c POG
|d POG
|d UtOrBLW
|
| 049 |
|
|
|a TXAI
|
| 090 |
|
|
|a PS586
|b .A450 pt. 3, no. 1888
|
| 099 |
|
|
|a film
|a B
|a 3870
|a Segment III, no. 1888)
|
| 100 |
1 |
|
|a Longfellow, Henry Wadsworth,
|d 1807-1882.
|
| 245 |
1 |
4 |
|a The poetical works of Henry Wadsworth Longfellow.
|
| 250 |
|
|
|a New ed. /
|b illustrated with upwards of one hundred designs, drawn by John Gilbert, engraved by the brothers Dalziel.
|
| 264 |
|
1 |
|a London :
|b George Routledge,
|c 1857.
|
| 300 |
|
|
|a 4 unnumbered prelim. leaves, 400 pages, 4 unnumbered pages :
|b illustrations, portraits ;
|c 23 cm.
|
| 336 |
|
|
|a text
|b txt
|2 rdacontent
|
| 337 |
|
|
|a microform
|b h
|2 rdamedia
|
| 338 |
|
|
|a microfilm reel
|b hd
|2 rdacarrier
|
| 510 |
4 |
|
|a BAL
|c 12425
|
| 533 |
|
|
|a Microfilm.
|b Woodbridge, Conn. :
|c Research Publications,
|d 1977.
|e 1 microfilm reel ; 35 mm.
|f (American Poetry, 1609-1900 ; Segment III, no. 1888)
|
| 539 |
|
|
|a s
|b 1977
|d ctu
|e n
|
| 500 |
|
|
|a Microform.
|
| 700 |
1 |
|
|a Gilbert, John,
|d 1817-1897.
|
| 700 |
1 |
|
|a Dalziel, Edward,
|d 1817-1905,
|e engr.
|
| 700 |
1 |
|
|a Dalziel, George,
|d 1815-1902,
|e engr.
|
| 999 |
|
|
|a MARS
|
| 999 |
f |
f |
|s 202cf783-9338-3846-b13b-27ff56981b40
|i f51cc7d3-4f5d-3d00-8b2e-272c758bc7f1
|t 0
|
| 952 |
f |
f |
|p default
|a Texas A&M University
|b College Station
|c Sterling C. Evans Library
|d Evans: Microforms (3rd floor)
|t 0
|e film B 3870 Segment III, no. 1888
|h Other scheme
|i microform -- microfilm reel
|
| 998 |
f |
f |
|a film B 3870 Segment III, no. 1888
|t 0
|l Evans: Microforms (3rd floor)
|